| 000 | 00458nam a2200181 4500 | ||
|---|---|---|---|
| 001 | 3632 | ||
| 005 | 20181127171638.0 | ||
| 010 | 0 | 0 | _a |
| 020 | 0 | 0 | _a0435510843 |
| 090 | 0 | 0 | _a519.5 A886st 2000 |
| 100 | 0 | 0 | _aAttwood, Greg. |
| 245 | 0 | 0 |
_aStatistics 3 / _b _cGreg Attwood, Gill Dyer and Gordon Skipworth. _h |
| 250 | 0 | 0 | _a |
| 260 | 0 | 0 |
_aLondon : _bHeinemann Publishers, _c2000. |
| 300 | 0 | 0 | _avi, 186 p. ; 24 cm. |
| 500 | 0 | 0 | _a |
| 650 | 0 | 0 |
_aMathematical statistics. _x |
| 999 |
_c2959 _d2959 |
||